000
00305nam a22001337a 4500
020
_a
978-184422-564-4
082
_a
823
_b
REA/D
100
_a
READER COLIN
245
_a
THE DETECTIVES
_b
LITTLE RED TRACTOR
260
_a
LONDON
_b
LADY BIRD
300
_a
29
650
_a
ENGLISH SHORT STORY
_z
UK
942
_c
BK
999
_c
2171
_d
2171